000 00561nam a2200217Ia 4500
001 8516
003 GE_BSU
008 181216s||||||||xx |||||||||||||| ||und||
040 _cGE_BSU
080 _a821.353.1-11
100 _aვაკელი,იონა.
245 _aშირაქიანი.
245 _bპოემა.
260 _aტფილისი.
260 _bფედერაცია.
260 _c1934.
300 _a37გვ;15სმ.
653 _aპოემა.
653 _aშირაქიანი.
942 _cBK
999 _c41833
_d41833